000 00760nam a2200241 a 4500
001 BRCA_4024
005 20190320204521.0
008 050210s1926----mx-#######---#000-0#spa-#
041 _aspa
044 _amx
050 4 _aZ1427.R66
_b.M49 1926
100 1 _aRomero de Terreros y Vinent, Manuel
_99692
245 1 0 _aBibliografía de cronistas de la ciudad de México
_cManuel Romero de Terreros.
260 _aMéxico
_bSecretaría de Relaciones Exteriores
_c1926
300 _aXV11, 16 p.
_c21 cm.
440 0 _aMonografías bibliográficas mexicanas
_v4
_910461
500 _aC109
504 _aBibliografía: 1-16
651 4 _aMéxico (Ciudad)
_vBibliografía
_910462
740 0 _aCronistas de la ciudad de México
902 _aGFM
942 _2lcc
_cB
999 _c3748
_d3748